Fünf größte Städte pro Land - Extrem - Statistiken

Allgemein
  • Dieses Quiz wurde 241 mal gespielt
  • Das Durchschnittsergebnis liegt bei 83 aus 222
Antwortstatistiken
Land Stadt % Korrekt
Vereinigte Staaten Los Angeles
92%
Russland Moskau
88%
Deutschland Berlin
85%
Frankreich Paris
85%
China Peking
85%
Japan Tokio
85%
Deutschland Hamburg
84%
Vereinigtes Königreich London
84%
Australien Sydney
83%
Mexiko Mexiko-Stadt
81%
Türkei Istanbul
80%
Frankreich Marseille
80%
Italien Rom
80%
Türkei Ankara
79%
Spanien Barcelona
79%
Spanien Madrid
79%
Italien Mailand
79%
Vereinigte Staaten Chicago
78%
Frankreich Lyon
77%
Vereinigtes Königreich Manchester
77%
Brasilien Rio de Janeiro
77%
Ukraine Kiew
75%
China Shanghai
75%
Südafrika Kapstadt
74%
Vereinigtes Königreich Liverpool
73%
Italien Neapel
73%
Südkorea Seoul
73%
Polen Warschau
73%
Österreich Wien
73%
Griechenland Athen
72%
Brasilien Brasília
72%
Belgien Brüssel
72%
Südafrika Johannesburg
72%
Schweden Stockholm
72%
Ägypten Kairo
71%
Brasilien São Paulo
71%
Kanada Toronto
71%
Schweiz Bern
70%
Vereinigtes Königreich Birmingham
70%
Argentinien Buenos Aires
70%
Australien Melbourne
70%
Portugal Lissabon
69%
Indien Mumbai
69%
Portugal Porto
69%
Russland Sankt Petersburg
69%
Bulgarien Sofia
69%
Italien Turin
68%
Spanien | Venezuela Valencia
68%
Schweiz Zürich
68%
Norwegen Oslo
67%
Saudi-Arabien Riad
67%
Neuseeland Wellington
67%
Indonesien Jakarta
66%
Deutschland Frankfurt
64%
Vereinigte Staaten New York City
64%
Japan Osaka
64%
Österreich Salzburg
64%
Vereinigte Staaten Washington D.C.
64%
Irak Bagdad
63%
Philippinen Manila
63%
Iran Teheran
63%
Kolumbien Bogotá
62%
Indien Delhi
62%
Kanada Vancouver
62%
Australien Perth
60%
Chile Santiago
60%
Schweiz Genf
58%
Vietnam Hanoi
58%
Polen Krakau
58%
Nigeria Lagos
58%
Österreich Graz
57%
Marokko Rabat
57%
Italien Florenz
56%
Österreich Innsbruck
56%
Kanada Montréal
56%
Taiwan Taipeh
56%
Belgien Antwerpen
55%
Syrien Damaskus
55%
Neuseeland Auckland
54%
Frankreich Bordeaux
53%
Österreich Linz
53%
Schweiz Basel
52%
Australien Brisbane
52%
Venezuela Caracas
52%
Marokko Casablanca
52%
Schweden Malmö
52%
Ägypten Alexandria
51%
Vereinigtes Königreich Leeds
50%
Schweden Göteborg
49%
Norwegen Bergen
48%
Türkei Izmir
48%
Demokratische Republik Kongo Kinshasa
48%
Griechenland Thessaloniki
48%
China Guangzhou
47%
Vereinigte Staaten Boston
46%
Indien Kalkutta
46%
Polen Danzig
45%
Frankreich Lille
45%
Ukraine Odessa
44%
Spanien Málaga
43%
Nigeria Abuja
42%
Australien Adelaide
42%
Ukraine Donezk
40%
Belgien Gent
40%
Kolumbien Medellín
40%
Brasilien Belo Horizonte
38%
Ukraine Charkiw
38%
Saudi-Arabien Mekka
37%
Polen Łódź
36%
Südafrika Durban
35%
Kanada Edmonton
35%
Mexiko Guadalajara
35%
Syrien Aleppo
33%
Neuseeland Christchurch
33%
Vietnam Ho-Chi-Minh-Stadt
33%
Schweiz Lausanne
33%
Kanada Calgary
32%
Norwegen Trondheim
32%
Indien Chennai
31%
Belgien Lüttich
31%
Japan Sapporo
30%
Pakistan Lahore
29%
Mexiko Monterrey
29%
Portugal Braga
28%
Südkorea Busan
28%
Japan Nagoya
28%
Saudi-Arabien Medina
25%
Schweden Uppsala
25%
Marokko Fés
24%
Pakistan Karachi
23%
Kolumbien Cali
22%
Spanien Sevilla
22%
Bulgarien Warna
21%
China Xiamen
21%
Argentinien Rosario
20%
Türkei Adana
19%
Ukraine Dnipro
19%
Griechenland Heraklion
19%
Türkei Bursa
18%
Argentinien Córdoba
18%
Saudi-Arabien Dschidda
18%
Brasilien Porto Alegre
18%
Indonesien Bandung
16%
China Chengdu
16%
Japan Fukuoka
16%
Norwegen Stavanger
16%
Indien Bangalore
15%
Belgien Charleroi
15%
Nigeria Kano
15%
Indonesien Surabaya
15%
Russland Novosibirsk
13%
Südkorea Daegu
12%
Kolumbien Barranquilla
11%
Philippinen Cebu
11%
Marokko Tangier
11%
Marokko Agadir
10%
Griechenland Patras
10%
Mexiko Puebla
10%
Iran Isfahan
9%
Griechenland Larissa
9%
Bulgarien Plowdiv
9%
Irak Basra
8%
Bulgarien Burgas
8%
Portugal Coimbra
8%
Vietnam Da Nang
8%
Philippinen Davao
8%
Syrien Homs
8%
Nigeria Ibadan
8%
Irak Erbil
7%
Nigeria Port Harcourt
7%
Saudi-Arabien Dammam
6%
Portugal Funchal
6%
Taiwan Tainan
6%
Norwegen Drammen
5%
Pakistan Faisalabad
5%
Schweden Helsingborg
5%
Russland Jekaterinburg
5%
Indonesien Medan
5%
Taiwan Taichung
5%
Südkorea Daejeon
4%
Syrien Hama
4%
Neuseeland Hamilton
4%
Taiwan Kaohsiung
4%
Demokratische Republik Kongo Lubumbashi
4%
Venezuela Maracaibo
4%
Argentinien Mendoza
4%
Chile Antofagasta
3%
Kolumbien Bucaramanga
3%
Südafrika East London
3%
Vietnam Haiphong
3%
Iran Mashhad
3%
Irak Mosul
3%
Ägypten Port Said
3%
Pakistan Rawalpindi
3%
Indonesien Semarang
3%
Ägypten Sues
3%
Iran Tabriz
3%
Chile Valparaíso
3%
Philippinen Angeles
2%
Philippinen Cagayan de Oro
2%
Chile Concepción
2%
Südkorea Gwangju
2%
Irak Kirkuk
2%
Syrien Latakia
2%
Demokratische Republik Kongo Mbuji-Mayi
2%
Russland Nischni Novgorod
2%
Iran Shiraz
2%
Neuseeland Tauranga
2%
Mexiko Toluca
2%
Ägypten Al-Mansura
1%
Venezuela Barquisimeto
1%
Pakistan Gujranwala
1%
Taiwan Hsinchu
1%
Demokratische Republik Kongo Kananga
1%
Demokratische Republik Kongo Kisangani
1%
Chile La Serena
1%
Venezuela Maracay
1%
Bulgarien Russe
1%
Argentinien San Miguel de Tucumán
1%
Vietnam Cần Thơ
0%
Südafrika Gqeberha
0%
Keine übereinstimmenden Quizze gefunden
Verteilung der Resultate
Anzahl Personen mit jedem Resultat
Perzentil nach korrekt beantworteten Fragen
Ihre Resultats-Entwicklung
Sie haben dieses Quiz noch nicht gespielt